LDR 00682naa#a2200181#i#450# 001 EN\\bibl\100067 005 20260702105127.4 011 ## _a2542-1840 100 ## _a20260630b2026####ek#y0engy0150####ca 102 ## _aRU 200 1# _aGender-Related Post-Divorce Coping Strategies and Resilience Profiles _eJournal article 210 1# _aKemerovo _cKemerovo State University _d2026 215 ## _a15 с. 608 ## _aJournal article _2local 675 ## _aПсихологические исследования, опыты, эксперименты, тесты, измерения. 159.9.072 _z 700 #1 _aPuzyreva _gLyubava Olegovna 700 #1 _aMitkevich _gIlona Andreevna 856 4# _avestnik-pses.kemsu.ru _u